| 000 | 00399nam a22001577a 4500 | ||
|---|---|---|---|
| 999 |
_c8856 _d8856 |
||
| 003 | OSt | ||
| 008 | 200713b ||||| |||| 00| 0 eng d | ||
| 020 | _a9788123914398 | ||
| 100 | _aParle,Amrita | ||
| 245 | _aPharmaceutical chemistry II laboratory manual | ||
| 250 | _a2019 | ||
| 260 |
_aN Delhi _bCBS Publication |
||
| 300 | _a223 | ||
| 650 | _aPharmaceutical Organic Chemistry | ||
| 942 |
_2ddc _cBK |
||